О бурятском изобразительном искусстве (Бичлэгийн дугаар. 1155602)

MARC дэлгэрэнгүй
000 -Удирдлага
Ном зүйн бүртгэл тоо буюу кодлох утгыг агуулсан 02549nam a22002297a 4500
003 - ХЯНАЛТЫН ТОО ТОДОРХОЙЛОГЧ
Код MN-UlNLM
005 - ХАМГИЙН СҮҮЛИЙН ҮЕИЙН ХЭЛЦЛИЙН ОГНОО БА ЦАГ
Тухайн бичилтийг бичсэн засварласан сүүлийн огноо. 20250203152425.0
008 - ЕРӨНХИЙ МЭДЭЭЛЭЛ-ЭЛЕМЕНТҮҮДИЙН ӨГӨГДЛИЙН УРТ
fixed length control field 250203s1963 rur||||| |||| 00| 0 rus d
040 ## - ЭХ СУРВАЛЖИЙГ ТОДОРХОЙЛОН БИЧИХ
Анхны каталогийн байгууллага UB01000001
Каталогийн хэл Монгол
Бичлэг хийж нэвтрүүлэх байгууллага MN-UlNLM
Өөрчлүүлэх байгууллага MN-UlNLM
Бичиглэлийн тодорхойлолт rda
041 0# - ХЭЛНИЙ КОД
Текстийн хэлний код/фонограм буюу салангид гарчиг Орос
084 ## - БУСАД АНГИЛЛЫН ДУГААР
Ангиллын нэр Аравтын ангилал
Анги 7(572.3)
Зохиогчийн 3-н тэмдэгт О-115
Шинжлэх ухааны мэдлэгийн салбар Урлаг - 85
245 1# - ҮНДСЭН ГАРЧИГ
Гарчиг О бурятском изобразительном искусстве
Гарчигт хамааралтай мэдээ статьи и материалы
Оролцогчдын тухай мэдээ Редактор: С.И. Огиенко
264 #1 - ГАРАЛТЫН МЭДЭЭ
Хэвлэгдсэн газар Улан-Удэ
Бүтээгч, хэвлэгч, түгээгч, үйлдвэрлэгчийн нэр Бурятское книжное издательство
Хэвлэгдсэн он 1963
300 ## - ТООНЫ МЭДЭЭ
Хуудасны тоо 160 хуудастай
505 ## - FORMATTED CONTENTS NOTE
Title Г. Е. Павлов. От первой до второй декады-3--
-- А. В. Тумахани. К вопросу o современном прикладном искусстве Бурятии-30--
-- И. И. Соктоева. Живопись Бурятии 1920-х годов -34--
-- Е. А. Панкратова. Картина Ц. С. Сампилова «Любовь в степи» -74--
-- Е. А. Панкратова. Альбом монгольских зарисовок Ц. С. Сампилова-78--
-- А. В. Тумахани. Певец родного края-89--
-- Г. Е. Павлов. Творчество Р. С. Мэрдыгеева -104--
-- И. И. Соктоева. Письма Д. Тудупова-118--
-- Г. Ленхобоев, К. Герасимова. Материалы 0 народных умельцах Оронгоя-135--
-- А. В. Тумахани. О личном фонде П. П. Хороших-154--
-- И. Е. Тугутов. Поучительная выставка-156
520 ## - ХУРААНГУЙ МЭДЭЭ, ТОВЧ АГУУЛГА
Эмхэтгэл, г.м Обзорные статьи по живописи и прикладному искусству, статьи об отдельных художниках и их произведениях, новые публикации и сообщения, а также репродукции картин представление 0 бурятском изобразительном искусстве в прошлом и настоящем. <br/>Сборник адресован широким читательским кругам, интересующимся вопросами развития искусства в республике.
546 ## - ХЭЛНИЙ ТУХАЙ МЭДЭЭ
Хэл rus
-- bua
Хэлний код эсвэл цагаан толгой Кирилл
650 #4 - Сэдэв
Сэдэв Урлаг
880 1# - ALTERNATE GRAPHIC REPRESENTATION
Linkage 245-01(N
a O buri︠a︡tskom izobrazitelʹnom iskusstve
b statʹi i materialy
c Redaktor: S.I. Ogienko
880 #1 - ALTERNATE GRAPHIC REPRESENTATION
Linkage 245-01(N
a Ulan-Ude
b Buri︠a︡tskoe knizhnoe izd-vo
c 1963
942 ## - ЭЛЕМЕНТИЙН ТӨРӨЛ
Анги Аравтын ангилал
Төрөл Ном
Захиалгууд
Буцаан татагдсан төлөв Хасагдсан шалтгаан Гэмтсэн төлөв Данс заагч Захиалах боломжгүй Үндсэн номын сан Одоогийн байршил Салбар танхим Салбар танхим Бүртгэсэн огноо Бүрдүүлэлтийн эх үүсвэр Тавиурын заалт Баркод Үнэ Хамгийн сүүлд байсан огноо Нийт уншлаганд гарсан тоо Дансны дугаар Ангиллын нэр Төрөл
          МУҮндэсний Номын сан МУҮндэсний Номын сан МУҮНС төв | Монгол судлал фонд МУҮНС төв | Монгол судлал фонд 2025-02-03 Солилцоо 7(572.3) О-115 002220010366 2.60 2025-02-03   10366 Аравтын ангилал Ном
          МУҮндэсний Номын сан МУҮндэсний Номын сан МУҮНС төв | Монгол судлал фонд МУҮНС төв | Монгол судлал фонд 2025-02-03 Солилцоо 7(572.3) О-115 002220010367 2.60 2025-02-03   10367 Аравтын ангилал Ном